| 000 | 00447nam a2200181Ia 4500 | ||
|---|---|---|---|
| 005 | 20230525130713.0 | ||
| 008 | 230525b |||||||| |||| 00| 0 eng d | ||
| 020 | _a978-93-5014-166-3 | ||
| 040 | _aTAT | ||
| 082 | 0 | 4 |
_a620.112 _bSIN |
| 100 | 1 |
_aSurendra Singh _945334 |
|
| 240 | _gStrength Of Materials | ||
| 245 | 1 | 0 | _aStrength Of Materials |
| 260 |
_aNew Delhi _bKatson _c2011 |
||
| 300 | _a854p. | ||
| 650 | 0 | _aMechanics | |
| 942 |
_2ddc _cBK |
||
| 999 |
_c61054 _d61054 |
||